| 000 -LEADER |
| fixed length control field |
00619cam a22001934a 4500 |
| 020 ## - INTERNATIONAL STANDARD BOOK NUMBER |
| ISBN |
0471317918 (cloth : alk. paper) |
| 040 ## - CATALOGING SOURCE |
| Transcribing agency |
DLC |
| 082 00 - DEWEY DECIMAL CLASSIFICATION NUMBER |
| Classification number |
579 JOH 2000 A008 Or. |
| 100 1# - MAIN ENTRY--AUTHOR NAME |
| Personal name |
Tate, Robert L., |
| 245 10 - TITLE STATEMENT |
| Title |
Soil microbiology / |
| 250 ## - EDITION STATEMENT |
| Edition statement |
2nd ed. |
| 260 ## - PUBLICATION, DISTRIBUTION, ETC. (IMPRINT) |
| Place of publication |
New York : |
| Name of publisher |
John Wiley, |
| Year of publication |
c2000. |
| 300 ## - PHYSICAL DESCRIPTION |
| Number of Pages |
xxiii, 508 p. : |
| Other physical details |
ill. ; |
| Dimensions |
25 cm. |
| 650 #0 - SUBJECT ADDED ENTRY--TOPICAL TERM |
| Topical Term |
Soil microbiology. |
| 856 42 - ELECTRONIC LOCATION AND ACCESS |
| Uniform Resource Identifier |
http://www.loc.gov/catdir/bios/wiley046/99021922.html |
| 856 42 - ELECTRONIC LOCATION AND ACCESS |
| Uniform Resource Identifier |
http://www.loc.gov/catdir/description/wiley0310/99021922.html |
| 856 4# - ELECTRONIC LOCATION AND ACCESS |
| Uniform Resource Identifier |
http://www.loc.gov/catdir/toc/onix05/99021922.html |
| 942 ## - ADDED ENTRY ELEMENTS (KOHA) |
| Koha item type |
សៀវភៅភាសាអង់គ្លេស |
| 952 ## - LOCATION AND ITEM INFORMATION (KOHA) |
| Withdrawn status [LOCAL, KOHA] |
0 |